| 000 | 00379nam a2200145 a 4500 | ||
|---|---|---|---|
| 005 | 20140412111234.0 | ||
| 008 | 010530s19uu xx 00 eng d | ||
| 020 | _a0-7097-1081-X | ||
| 050 |
_aER _bAn54 1996 |
||
| 245 | _aAnimal friends. | ||
| 260 |
_aEngland : _bBrown Watson, _c1996. |
||
| 300 | _a1v. (unp.) ; ill. | ||
| 650 | _aAnimals-Juvenile literature | ||
| 999 |
_c102362 _d102362 |
||